| 000 | 01091nac a22002891i 4500 | ||
|---|---|---|---|
| 003 | EG-ScBUE | ||
| 005 | 20250128093808.0 | ||
| 008 | 250128r19951994enka f 001 0 eng d | ||
| 020 | _a0521566975 | ||
| 020 | _a9780521566971 | ||
| 040 |
_aEG-ScBUE _beng _erda _cEG-ScBUE _dEG-ScBUE |
||
| 082 | 0 | 4 |
_a530.076 _bREE _222 |
| 100 | 1 |
_aRees, Gareth, _eauthor. |
|
| 245 | 1 | 0 |
_aPhysics by example : _b200 problems and solutions / _cW.G. Rees, Scott Polar Research Institute, University of Cambridge. |
| 250 | _aReprint edition. | ||
| 264 | 1 |
_aCambridge : _bCambridge University Press, _c1995. |
|
| 300 |
_axiii, 374 pages : _billustrations ; _c24 cm |
||
| 336 |
_2rdacontent _atext _btxt |
||
| 337 |
_aunmediated _2rdamedia _bn |
||
| 338 |
_avolume _bnc _2rdacarrier |
||
| 500 | _aIncludes index. | ||
| 650 | 7 |
_aPhysics _xProblems, exercises, etc. _2BUEsh |
|
| 655 | _vReading book | ||
| 856 | 4 | 1 |
_3Table of contents _uhttp://www.loc.gov/catdir/toc/cam032/93034300.html |
| 856 | 4 | 1 |
_3Publisher description _uhttp://www.loc.gov/catdir/description/cam025/93034300.html |
| 942 |
_cBB _2ddc |
||
| 999 |
_c1407 _d1407 |
||